Statistics for FIFA National Team Rankings (June 2022)

Click here to take the quiz!

General Stats

  • This quiz has been taken 39 times
  • The average score is 40 of 50

Answer Stats

RankingPointsCountry% Correct
31770.65ARGENTINA
100%
11837.56BRAZIL
97%
431473.82CANADA
97%
51737.46ENGLAND
97%
241552.77JAPAN
97%
331502.47AUSTRIA
94%
391483.73AUSTRIA
94%
21821.92BELGIUM
94%
171604.07COLOMBIA
94%
151632.15CROATIA
94%
41764.85FRANCE
94%
111658.96GERMANY
94%
71713.86ITALY
94%
91678.65PORTUGAL
94%
61716.93SPAIN
94%
201563.44SWEDEN
94%
161621.43SWITZERLAND
94%
141635.01USA
94%
291514.86CHILE
91%
211562.24PERU
91%
351493.42RUSSIA
91%
401482.63EGYPT
88%
121649.57MEXICO
88%
101665.47DENMARK
85%
481441.45GREECE
85%
221558.9MOROCCO
85%
81679.41NETHERLANDS
85%
421475.13TURKEY
85%
131643.71URUGUAY
85%
191582.13WALES
85%
361488.57NORWAY
82%
471442.48IRELAND
79%
451462.96SCOTLAND
79%
271542.79UKRAINE
79%
181593.45SENEGAL
76%
251549.53SERBIA
76%
381484.95CAMEROON
73%
321502.9CZECH REPUBLIC
73%
441463.74ECUADOR
73%
371486.76HUNGARY
73%
231558.64IRAN
73%
261546.18POLAND
73%
501440.13PARAGUAY
70%
341500.06COSTA RICA
64%
311504.7NIGERIA
61%
411480.59ALGERIA
58%
301507.86TUNISIA
58%
491441.41QATAR
36%
461447.74MALI
21%
281526.2KOREA
15%

Score Distribution

Percentile by Number Answered

Percent of People with Each Score

Your Score History

You have not taken this quiz